【プロ野球】2025年の福岡ソフトバンクホークスの選手 - Statistics

General Stats
  • This quiz has been taken 183 times
    169 since last reset
  • The average score is 38 of 69
Answer Stats
Hint Answer % Correct
9 柳田悠岐
97%
17 有原航平
91%
62 海野隆司
91%
3 近藤健介
91%
5 山川穂高
90%
23 周東佑京
90%
6 今宮健太
89%
10 上沢直之
88%
0 川瀬晃
85%
8 牧原大成
85%
32 柳町達
84%
35 モイネロ
83%
12 嶺井博希
81%
45 谷川原健太
81%
24 栗原陵矢
80%
7 中村晃
79%
99 野村勇
77%
2 スチュワート・ジュニア
76%
40 杉山一樹
75%
54 オスナ
75%
4 ダウンズ
74%
47 大関友久
73%
66 松本裕樹
72%
48 藤井皓哉
70%
63 ヘルナンデス
69%
11 津森宥紀
68%
26 大津亮介
64%
16 東浜巨
62%
31 正木智也
61%
52 秋広優人
60%
49 松本晴
59%
30 佐藤直樹
59%
57 緒方理貢
56%
39 尾形崇斗
52%
44 笹川吉康
52%
51 前田純
51%
41 前田悠伍
50%
14 又吉克樹
49%
64 上茶谷大河
49%
18 武田翔太
48%
61 川村友斗
47%
29 大江竜聖
46%
22 牧原巧汰
46%
00 渡邉陸
45%
77 山本恵大
43%
33 廣瀨隆太
39%
36 イヒネイツア
39%
59 長谷川威展
38%
13 濵口遥大
37%
27 岩井俊介
37%
53 大山凌
36%
43 井上朋也
36%
55 石塚綜一郎
35%
20 村上泰斗
34%
25 庄子雄大
34%
42 伊藤優輔
33%
60 大野稼頭央
31%
95 川口冬弥
30%
56 田浦文丸
29%
68 木村光
29%
65 藤田悠太郎
29%
34 村田賢一
24%
46 宇野真仁朗
24%
69 岩崎峻典
22%
67 石見颯真
22%
85 宮﨑颯
20%
58 木村大成
19%
50 板東湧梧
18%
28 安德駿
16%
No matching quizzes found
Score Distribution
Percent of People with Each Score
Percentile by Number Answered
Your Score History
You have not taken this quiz since the last reset